书目信息 |
| 题名: |
有 机污染化学进展
|
|
| 作者: | 韩朔暌等 , 王连生 编 | |
| 分册: | ||
| 出版信息: | 北京 化学工业出版社 1998 |
|
| 页数: | 348 | |
| 开本: | 26cm | |
| 丛书名: | ||
| 单 册: | ||
| 中图分类: | X131 | |
| 科图分类: | ||
| 主题词: | 环境化学 | |
| 电子资源: | ||
| ISBN: | 7-5025-2136-4 | |
| 000 | 00595nam0 2200193 450 | |
| 001 | 0754114953 | |
| 005 | 20070929150154.95 | |
| 010 | @a7-5025-2136-4 | |
| 100 | @a20070929d km y0chiy0120 ea | |
| 101 | 0 | @achi |
| 200 | 1 | @a有 机污染化学进展@Ayou ji wu ran hua xue jin zhan@f王连生,韩朔暌等 编@Fwang lian sheng,han shuo kui deng bian |
| 210 | @a北京@c化学工业出版社@d1998 | |
| 215 | @a348@c插图@d26cm | |
| 606 | 0 | @a环境化学 |
| 690 | @aX131@v3 | |
| 701 | 0 | @a韩朔暌等@Ahan shuo kui deng@4编 |
| 701 | 0 | @a王连生@Awang lian sheng@4编 |
| 801 | 0 | @aCN@bPFT@c20070929 |
| 905 | @a213230@dX131@eh55@f1 | |
| 有 机污染化学进展/王连生,韩朔暌等 编.-北京:化学工业出版社,1998 |
| 348:插图;26cm |
| ISBN 7-5025-2136-4: |
| ● |
| 相关链接 |
|
|
|
|
正题名:有 机污染化学进展
索取号:X131/h55
 
预约/预借
| 序号 | 登录号 | 条形码 | 馆藏地/架位号 | 状态 | 备注 |
| 1 | 6000234 | 260002348 | 密集书库-化学系/ [索取号:X131/h55] | 在馆 |